| 000 | 00640nam a2200169 a 4500 | ||
|---|---|---|---|
| 001 | 000026307 | ||
| 005 | 20200930024500.0 | ||
| 008 | 110310s2000 dr 000 0 spa d | ||
| 040 |
_aDO-SdBNP _bspa _cBNPHU |
||
| 082 |
_axxx _bI59g |
||
| 110 | 1 |
_aInstituto de Contadores Públicos Autorizados de la República Dominicana _97118 |
|
| 245 | 1 | 0 | _aGuía para la elaboración de los estados financieros siguiendo las normas internacionales de contabilidad. |
| 260 |
_aSanto Domingo : _bICPARD, _c2000. |
||
| 300 |
_a238 p. ; _c27 cm. |
||
| 710 | 2 |
_aInstituto de Contadores Públicos Autorizados de la República Dominicana _97118 |
|
| 049 | _aBNPd | ||
| 999 |
_c25799 _d25799 |
||